All foreign players RB Leipzig - Statistics

General Stats
  • This quiz has been taken 76 times
  • The average score is 30 of 87
Answer Stats
Hint Answer % Correct
Yussuf Poulsen
86%
Dani Olmo
83%
Dominik Szoboszlai
81%
Emil Forsberg
81%
Marcel Sabitzer
81%
Péter Gulácsi
81%
Willi Orban
78%
Kevin Kampl
75%
Dayot Upamecano
72%
Konrad Laimer
69%
Tyler Adams
69%
Xavi Simons
69%
Benjamin Šeško
67%
Christopher Nkunku
67%
Naby Keïta
67%
Amadou Haïdara
64%
Angeliño
64%
Loïs Openda
64%
André Silva
61%
Mohamed Simakan
61%
Hee-Chan Hwang
56%
Ibrahima Konaté
53%
Joško Gvardiol
53%
Xaver Schlager
53%
Christoph Baumgartner
50%
Ethan Ampadu
50%
Emile Smith Rowe
47%
Nordi Mukiele
47%
Nicolas Seiwald
44%
Matheus Cunha
42%
Ademola Lookman
39%
Bernardo
39%
Castello Lukeba
39%
El Chadaïlle Bitshiabu
39%
Marcelo Saracchi
36%
Abdou Diallo
33%
Alexander Sørloth
33%
Fabio Carvalho
33%
Hugo Novoa
33%
Jean-Kévin Augustin
33%
Oliver Burke
33%
Stefan Ilsanker
33%
Ilaix Moriba
31%
Patrik Schick
31%
Yvon Mvogo
31%
Brian Brobbey
25%
Bruma
25%
Caden Clark
25%
Josep Martínez
25%
Kyriakos Papadopoulos
25%
Ørjan Nyland
22%
Ante Rebić
19%
Atınç Nukan
17%
Fabio Coltorti
17%
Justin Kluivert
17%
Massimo Bruno
17%
Omer Damari
17%
Hannes Wolf
14%
Lazar Samardžić
14%
Maarten Vandevoordt
14%
Roman Wallner
14%
Stefan Hierländer
14%
Terrence Boyd
14%
Georg Teigl
11%
Mert Yılmaz
11%
Philipp Köhn
11%
Rodnei
11%
Yordy Reyna
11%
Zsolt Kalmár
11%
Christos Papadimitriou
8%
Dmitriy Skopintsev
8%
John-Patrick Strauß
8%
Juan Cândido
8%
Kamil Wojtkowski
8%
Mads Bidstrup
8%
Mikko Sumusalo
8%
Niklas Hoheneder
8%
Oliver Bias
8%
Pekka Lagerblom
8%
Shaban Ismaili
8%
Smail Prevljak
8%
Solomon Bonnah
8%
Thiago Rockenbach
8%
Tomasz Wisio
8%
Umit Koçin
8%
Adrian Mrowiec
6%
Noah Ohio
6%
No matching quizzes found
Score Distribution
Percent of People with Each Score
Percentile by Number Answered
Your Score History
You have not taken this quiz